000 00821nam0a22002531 4500
001 rc\2581630
005 20250623120151.0
035 _a(NLR Aleph) 006746095
090 _a5695434
_c5695434
100 _a20110914d1928 |||y0rusy50 ca
101 0 _arus
102 _aRU
105 _ay z |||||
200 1 _aОценка достижений в легкой атлетике
210 _aХарьков
_cВестник физ. культуры
_aВолчанск
_cтип. Райкомхоза
_d1928
215 _a148 с.
_d17 см.
300 _a"Утверждено ВСФК РСФСР и УССР" - обл.
700 1 _aРатов
_bП.В.
_gПавел Васильевич
801 0 _aRU
_bNLR
_gpsbo
801 1 _aRU
_bELAR
_2rusmarc
852 _aNLR
_j58/628
942 _cBOOK
980 _aNB